[Event "Chess.com Rapid Wk11 KO"]
[Site "Chess.com INT"]
[Date "2022.04.24"]
[Round "1.1"]
[White "Nakamura, Hikaru"]
[Black "Martinez Alcantara, Jose Eduardo"]
[Result "1-0"]
[WhiteElo "2750"]
[BlackElo "2598"]
[PlyCount "113"]
[EventDate "2022.04.24"]
[EventType "k.o. (rapid)"]
[EventRounds "3"]
[EventCountry "USA"]
[SourceTitle "CBM 207 Extra"]
[Source "ChessBase"]
[SourceDate "2022.05.31"]
[SourceVersion "1"]
[SourceVersionDate "2022.05.31"]
[SourceQuality "1"]

1. Nf3 c5 2. b3 d5 3. e3 a6 4. Bb2 Nc6 5. d4 cxd4 6. Nxd4 Nxd4 ({RR} 6... Nf6 7. Nxc6 bxc6 8. Nd2 e6 9. c4 Bd6 10. Be2 e5 11. O-O O-O 12. Qc2 Qe7 13. Rfd1 Bb7 14. Rac1 a5 15. Nf3 Rfd8 16. Qb1 Ba6 17. Rc2 Bc8 18. Qa1 Bf5 19. Rcc1 Bg4 20. h3 Bh5 21. Rc2 {Nakamura,H (2775)-Deac,B (2700) chess.com INT 2023 1-0 (40)}) 7. Qxd4 Nf6 8. Bd3 ({RR} 8. Nd2 e6 9. Bd3 Bd7 10. O-O Be7 11. Rfd1 O-O 12. c4 Bc6 13. Nf3 h6 14. Ne5 Be8 15. cxd5 Qxd5 16. Qh4 Rd8 17. Bc2 Qa5 18. h3 Bb5 19. Ng4 Be2 20. Nxf6+ Bxf6 21. Bxf6 Bxd1 22. Bxd8 Rxd8 {Duda,J (2733)-Antipov,M (2602) chess.com INT 2024 1-0}) ({RR} 8. c4 Be6 9. cxd5 Bxd5 10. Nc3 Bc6 11. Qh4 e6 12. Be2 Nd5 13. Qxd8+ Rxd8 14. Nxd5 Bxd5 15. f3 Bc6 16. Kf2 f6 17. Rhc1 Be7 18. Rc2 Kf7 19. Rac1 Rd7 20. Bd4 Bb5 21. a4 Bxe2 22. Kxe2 Ba3 {Nakamura,H (2750)-Martinez Alcantara,J (2598) Chess.com INT 2022 1-0 (48)}) 8... g6 9. O-O $146 ({RR} 9. Nc3 Be6 10. e4 dxe4 11. Qxd8+ Rxd8 12. Nxe4 Bg7 13. Nxf6+ Bxf6 14. Bxf6 exf6 15. O-O-O Ke7 16. Be4 b5 17. Kb2 f5 18. Bf3 g5 19. g3 g4 20. Be2 h5 21. h4 Bd5 22. Rhe1 Kf6 23. c4 bxc4 {De Silva,L (2521)-Sivathanujan,S (1731) Waskaduwa SRI 2022 1-0 (34)}) 9... Bg7 10. Qh4 O-O 11. Nd2 Bf5 12. Bxf5 gxf5 13. c4 e6 14. Nf3 Rc8 15. Rad1 Ne4 16. Bxg7 Qxh4 17. Nxh4 Kxg7 18. cxd5 Nc3 19. dxe6 Nxd1 20. e7 Rfe8 21. Rxd1 Kf6 22. g3 Rxe7 23. Rd2 Rc6 24. Kg2 Rec7 25. Rd5 Rc2 26. Rxf5+ Ke6 27. Ra5 Rb2 28. Nf3 Kf6 29. Nd4 Rc1 30. a4 Re1 31. Rf5+ Ke7 32. Rf3 Rbb1 33. h4 Rb2 34. g4 Rbb1 35. Kg3 Rh1 36. Kf4 Kf8 37. h5 Rbc1 38. e4 Rhd1 39. Nf5 b5 40. axb5 axb5 41. b4 Ke8 42. Ra3 Ra1 43. Nd6+ Kf8 44. Rxa1 Rxa1 45. Nxb5 Rb1 46. Nd6 Rxb4 47. Kf5 h6 48. e5 Ra4 49. f4 Rb4 50. g5 hxg5 51. Kxg5 Ra4 52. f5 Kg7 53. h6+ Kh7 54. Nxf7 Ra8 55. e6 Ra1 56. Kf6 Ra7 57. Nd6 1-0

[Event "Titled Tuesday intern op 26th Apr Early"]
[Site "Chess.com INT"]
[Date "2022.04.26"]
[Round "9"]
[White "Nakamura, Hikaru"]
[Black "Alekseenko, Kirill"]
[Result "1-0"]
[WhiteElo "2750"]
[BlackElo "2698"]
[PlyCount "55"]
[EventDate "2022.04.26"]
[EventType "swiss (blitz)"]
[EventRounds "11"]
[EventCountry "USA"]
[SourceTitle "CBM 208 Extra"]
[Source "ChessBase"]
[SourceDate "2022.07.31"]
[SourceVersion "1"]
[SourceVersionDate "2022.07.31"]
[SourceQuality "1"]

1. Nf3 d5 2. e3 c5 3. b3 e6 4. Bb2 Nc6 5. d4 cxd4 6. Nxd4 ({RR} 6. exd4 Nge7 7. Bd3 g6 8. O-O Bg7 9. Re1 O-O 10. Nbd2 Nf5 11. c3 Qd6 12. a4 Rd8 13. Qe2 Bd7 14. b4 Rac8 15. b5 Na5 16. g4 Nh6 17. h3 f6 18. c4 dxc4 19. Nxc4 Nxc4 20. Bxc4 Re8 {Indjic,A (2601)-Sargsyan,S (2625) Budva MNE 2023 0-1 (49)}) 6... Nf6 7. Nxc6 $146 ({RR} 7. Nd2 a6 8. Be2 Bd6 9. O-O e5 10. N4f3 Qe7 11. Re1 O-O 12. c4 e4 13. Nd4 Nxd4 14. Bxd4 Be6 15. cxd5 Bxd5 16. Bc4 Bc6 17. Rc1 Rac8 18. Rc2 Rfe8 19. Be2 b5 20. Qa1 Bd7 21. Rec1 Rxc2 {Schigiol,J (1739)-Steens,R (1880) Germany 2003 1-0}) ({RR} 7. Nd2 Bd6 8. Nxc6 bxc6 9. Be2 O-O 10. O-O e5 11. c4 Qe7 12. Rc1 Bf5 13. cxd5 cxd5 14. Nf3 Rac8 15. Rxc8 Rxc8 16. Qa1 Nd7 17. Rc1 Rxc1+ 18. Qxc1 Nb6 19. h3 f6 20. Qc6 Qd7 21. Bb5 Qxc6 {Materia,M (2474)-Eljanov,P (2668) chess.com INT 2025 1-0 (55)}) 7... bxc6 8. Be2 Bd6 9. c4 O-O 10. O-O e5 11. cxd5 cxd5 12. Nc3 Be6 13. Rc1 a6 14. Na4 Qe7 15. Rc6 a5 16. Qa1 Nd7 17. Rd1 Rac8 18. Rxc8 Rxc8 19. Nc3 d4 20. Nb5 Bb8 21. exd4 exd4 22. Nxd4 Bd5 23. Bf3 Qd6 24. g3 Bxf3 25. Nxf3 Qe6 26. Bxg7 Qg4 27. Bb2 Qf4 28. gxf4 1-0

[Event "Chess.com Rapid Wk12 Swiss"]
[Site "Chess.com INT"]
[Date "2022.04.30"]
[Round "1"]
[White "Nakamura, Hikaru"]
[Black "Erigaisi, Arjun Kumar"]
[Result "1-0"]
[WhiteElo "2750"]
[BlackElo "2675"]
[PlyCount "71"]
[EventDate "2022.04.30"]
[EventType "swiss (rapid)"]
[EventRounds "9"]
[EventCountry "USA"]
[SourceTitle "CBM 208 Extra"]
[Source "ChessBase"]
[SourceDate "2022.07.31"]
[SourceVersion "1"]
[SourceVersionDate "2022.07.31"]
[SourceQuality "1"]

1. Nf3 Nf6 2. b3 c5 3. Bb2 d6 4. d4 ({RR} 4. g3 e5 5. Bg2 Nc6 6. O-O e4 7. Ng5 d5 8. c4 h6 9. cxd5 Qxd5 10. Nxe4 Nxe4 11. d3 Nxf2 12. Rxf2 Qh5 13. Na3 Bh3 14. Nb5 Bxg2 15. Kxg2 O-O-O 16. e4 Qxd1 17. Rxd1 f6 18. Nc3 Bd6 {Aravindh,C (2641)-Korobov,A (2692) Chess.com INT 2021 1-0 (50)}) ({RR} 4. e3 e5 5. d4 e4 6. Nfd2 cxd4 7. Bxd4 Bg4 8. Bxf6 Qxf6 9. Qxg4 Qxa1 10. Qc8+ Ke7 11. Qxb7+ Nd7 12. Qxa8 f5 13. Qd5 Qb2 14. Be2 Qc1+ 15. Bd1 g6 16. O-O Bg7 17. Na3 Qxa3 18. Be2 Qc5 {Bykov,E (2441)-Gao,R (2007) chess.com INT 2025 0-1 (47)}) ({RR} 4. e3 e5 5. Nc3 Be7 6. Bb5+ Bd7 7. Bxd7+ Nbxd7 8. O-O O-O 9. Ne2 Re8 10. Ng3 Bf8 11. c4 a6 12. d3 Rc8 13. Qc2 b5 14. Rfe1 g6 15. Rad1 Bg7 16. Ne4 Qe7 17. Nc3 Rb8 18. h3 h6 {Nakamura,H (2736)-Timofeev,A (2580) Chess.com INT 2020 1-0 (65)}) 4... cxd4 5. Qxd4 $146 ({RR} 5. Nxd4 e5 6. Nf3 Be7 7. e3 Nc6 8. Be2 O-O 9. O-O Bg4 10. c4 Qd7 11. Nc3 Qf5 12. Nd5 Nxd5 13. cxd5 Nb4 14. Nd4 exd4 15. Bxg4 Qxd5 16. Bxd4 Nc6 17. Bb2 Qg5 18. Bf3 f5 19. Rc1 Ne5 {Hrtko,V (2186)-Hlas,J (2095) Slovakia 2000 1-0}) 5... g6 6. g3 Bg7 7. Qd1 O-O 8. Bg2 Nc6 9. O-O Bf5 10. c4 Bxb1 11. Qxb1 Qb6 12. e3 Rfd8 13. Nd4 d5 14. Nxc6 bxc6 15. Qc2 a5 16. Rab1 e6 17. Rfc1 Nd7 18. Bxg7 Kxg7 19. a3 Qb8 20. b4 axb4 21. axb4 Ne5 22. cxd5 exd5 23. b5 cxb5 24. Rd1 Qb6 25. Rxd5 Rxd5 26. Bxd5 Rb8 27. Qe4 Qf6 28. Kg2 h5 29. h3 Rb6 30. Rc1 b4 31. Rc7 Qd6 32. Ra7 b3 33. f4 b2 34. fxe5 b1=Q 35. Rxf7+ Kg8 36. Rf1+ 1-0

[Event "Chess.com Rapid Wk12 Swiss"]
[Site "Chess.com INT"]
[Date "2022.04.30"]
[Round "4"]
[White "Nakamura, Hikaru"]
[Black "Martinez Alcantara, Jose Eduardo"]
[Result "1-0"]
[WhiteElo "2750"]
[BlackElo "2598"]
[PlyCount "95"]
[EventDate "2022.04.30"]
[EventType "swiss (rapid)"]
[EventRounds "9"]
[EventCountry "USA"]
[SourceTitle "CBM 208 Extra"]
[Source "ChessBase"]
[SourceDate "2022.07.31"]
[SourceVersion "1"]
[SourceVersionDate "2022.07.31"]
[SourceQuality "1"]

1. Nf3 c5 2. e3 d5 3. b3 a6 4. Bb2 Nc6 5. d4 cxd4 6. Nxd4 Nxd4 7. Qxd4 ({RR} 7. Bxd4 Nf6 8. Be2 e6 9. O-O Be7 10. Nd2 O-O 11. c4 Bd7 12. Bf3 Bc6 13. Rc1 Rc8 14. Qe2 dxc4 15. Nxc4 Bxf3 16. Qxf3 Qd5 17. Qe2 Qb5 18. Qf3 Qd5 19. Bxf6 Qxf3 20. gxf3 gxf6 21. Nb6 Rxc1 {Nakamura,H (2780)-Melkumyan,H (2650) chess.com INT 2023 1-0 (44)}) 7... Nf6 8. c4 ({RR} 8. Nd2 e6 9. Bd3 Bd7 10. O-O Be7 11. Rfd1 O-O 12. c4 Bc6 13. Nf3 h6 14. Ne5 Be8 15. cxd5 Qxd5 16. Qh4 Rd8 17. Bc2 Qa5 18. h3 Bb5 19. Ng4 Be2 20. Nxf6+ Bxf6 21. Bxf6 Bxd1 22. Bxd8 Rxd8 {Duda,J (2733)-Antipov,M (2602) chess.com INT 2024 1-0}) ({RR} 8. Bd3 g6 9. O-O Bg7 10. Qh4 O-O 11. Nd2 Bf5 12. Bxf5 gxf5 13. c4 e6 14. Nf3 Rc8 15. Rad1 Ne4 16. Bxg7 Qxh4 17. Nxh4 Kxg7 18. cxd5 Nc3 19. dxe6 Nxd1 20. e7 Rfe8 21. Rxd1 Kf6 22. g3 Rxe7 {Nakamura,H (2750)-Martinez Alcantara,J (2598) Chess.com INT 2022 1-0 (57)}) 8... Be6 $146 ({RR} 8... Bf5 9. Nc3 dxc4 10. bxc4 e6 11. Be2 Qxd4 12. exd4 Ne4 13. Nxe4 Bxe4 14. f3 Bb4+ 15. Kf2 Bc6 16. Rhd1 O-O 17. Bd3 Rfd8 18. Be4 Bxe4 19. fxe4 Rac8 20. Rac1 g6 21. c5 Ba5 22. d5 exd5 23. exd5 {Chyzy,J (2265)-Swicarz,M (2341) Chess.com INT 2021 ½-½ (65)}) 9. cxd5 Bxd5 10. Nc3 Bc6 11. Qh4 e6 12. Be2 Nd5 13. Qxd8+ Rxd8 14. Nxd5 Bxd5 15. f3 Bc6 16. Kf2 f6 17. Rhc1 Be7 18. Rc2 Kf7 19. Rac1 Rd7 20. Bd4 Bb5 21. a4 Bxe2 22. Kxe2 Ba3 23. Rc8 Bxc1 24. Rxh8 e5 25. Bc3 Rc7 26. Bb4 Rc2+ 27. Kd1 Rc7 28. e4 Be3 29. h4 Bf4 30. h5 Rc1+ 31. Ke2 Rb1 32. Rf8+ Ke6 33. Re8+ Kd7 34. Re7+ Kc6 35. Rxg7 Rxb3 36. Be7 Bg5 37. Rxh7 Rb2+ 38. Kf1 b5 39. axb5+ axb5 40. Bxf6 Bxf6 41. Rh6 b4 42. Rxf6+ Kc5 43. Rf8 b3 44. Rb8 Kc4 45. Kg1 Ra2 46. g4 Ra7 47. g5 Kc3 48. g6 1-0

[Event "Chess.com Rapid Wk12 Swiss"]
[Site "Chess.com INT"]
[Date "2022.04.30"]
[Round "8"]
[White "Nakamura, Hikaru"]
[Black "Matlakov, Maxim"]
[Result "1-0"]
[WhiteElo "2750"]
[BlackElo "2674"]
[PlyCount "125"]
[EventDate "2022.04.30"]
[EventType "swiss (rapid)"]
[EventRounds "9"]
[EventCountry "USA"]
[SourceTitle "CBM 208 Extra"]
[Source "ChessBase"]
[SourceDate "2022.07.31"]
[SourceVersion "1"]
[SourceVersionDate "2022.07.31"]
[SourceQuality "1"]

1. Nf3 d5 2. e3 Nf6 3. b3 Bf5 4. Bb2 e6 5. Nh4 Bg4 6. Be2 Bxe2 7. Qxe2 Be7 8. d3 c5 9. O-O Nc6 10. f4 O-O 11. Nd2 b5 $146 ({RR} 11... d4 12. e4 Nxe4 13. Nxe4 Bxh4 14. Nxc5 Rc8 15. a3 Ne7 16. Ne4 Nf5 17. Rf3 Qc7 18. g4 Ne3 19. Bxd4 Nxc2 20. Be5 Qb6+ 21. Kg2 Nxa1 22. Bxa1 Qxb3 23. Nd2 Qa2 24. Bd4 Rc2 25. Be3 Bf6 26. Rf2 {Erdenetulga,R (2113)-Goryachkina,A (2545) chess.com INT 2024 0-1}) ({RR} 11... Nd7 12. Nhf3 Bf6 13. d4 cxd4 14. exd4 Re8 15. Ne5 Nf8 16. Ndf3 Ng6 17. g3 Rc8 18. c3 Nge7 19. g4 g6 20. h4 Bg7 21. Ng5 f6 22. Nxe6 Qd6 23. Nd3 Kf7 24. Rae1 Ng8 25. f5 Qg3+ 26. Qg2 {Nakamura,H (2736)-Samadov,R (2360) Chess.com INT 2021 1-0}) 12. Nhf3 a5 13. a4 bxa4 14. Rxa4 Nd7 15. c4 Nb6 16. Ra3 a4 17. bxa4 Rxa4 18. Rfa1 Rxa3 19. Rxa3 Bf6 20. Bxf6 Qxf6 21. Qd1 dxc4 22. dxc4 Qe7 23. Qb1 Rb8 24. Qc1 h6 25. h3 e5 26. Kh1 exf4 27. exf4 Ra8 28. Rxa8+ Nxa8 29. Qb1 Qc7 30. Qe4 Nb6 31. Nb3 Ne7 32. Ne5 g6 33. Ng4 Kg7 34. Qe3 Nf5 35. Qc3+ Kf8 36. Qh8+ Ke7 37. Qf6+ Kf8 38. Qh8+ Ke7 39. Qf6+ Kf8 40. Ne5 Kg8 41. Nxc5 Ng3+ 42. Kh2 Nh5 43. Ne6 Nxf6 44. Nxc7 Ne4 45. Na6 f6 46. Nxg6 Nxc4 47. Nb4 Ncd6 48. Nh4 f5 49. Nf3 Kg7 50. Nd5 Kg6 51. Ne5+ Kg7 52. g3 Nf6 53. Ne7 Nfe4 54. Kg2 Kf6 55. Nd5+ Ke6 56. Ne3 Kf6 57. Nf3 h5 58. Nd4 Kg6 59. Kf3 Kf6 60. Ndxf5 Nxf5 61. Nxf5 Nd2+ 62. Ke2 Ne4 63. Ke3 1-0

[Event "Chess.com Rapid Wk12 KO"]
[Site "Chess.com INT"]
[Date "2022.05.01"]
[Round "1.1"]
[White "Nakamura, Hikaru"]
[Black "Vidit, Santosh Gujrathi"]
[Result "1-0"]
[WhiteElo "2750"]
[BlackElo "2723"]
[PlyCount "103"]
[EventDate "2022.05.01"]
[EventType "k.o. (rapid)"]
[EventRounds "3"]
[EventCountry "USA"]
[SourceTitle "CBM 208 Extra"]
[Source "ChessBase"]
[SourceDate "2022.07.31"]
[SourceVersion "1"]
[SourceVersionDate "2022.07.31"]
[SourceQuality "1"]

1. Nf3 d5 2. e3 c5 3. b3 Nc6 4. Bb5 f6 5. Bxc6+ ({RR} 5. Nc3 e5 6. Bxc6+ bxc6 7. Ba3 Ba6 8. Na4 Qa5 9. c4 dxc4 10. Qc2 Bb5 11. Qc3 Qa6 12. Bxc5 Bxa4 13. Bxf8 Kxf8 14. bxa4 Ne7 15. Rc1 Qxa4 16. Qxc4 Qxc4 17. Rxc4 Kf7 18. Ke2 Rhb8 19. Rhc1 Rb2 {Carlsen,M (2832)-Nakamura,H (2802) chess.com INT 2024 1-0 (44)}) ({RR} 5. Ba3 Qb6 6. c4 e6 7. Nc3 a6 8. Na4 Qa5 9. Bxc6+ bxc6 10. cxd5 cxd5 11. Rc1 Bd7 12. Bxc5 Bxa4 13. Bxf8 Kxf8 14. bxa4 Ne7 15. Nd4 e5 16. Rc5 Qb6 17. Nb3 Kf7 18. O-O h5 19. d4 e4 {Nihal,S (2687)-Sevian,S (2694) chess.com INT 2025 1-0 (34)}) 5... bxc6 6. d4 cxd4 7. exd4 Kf7 $146 ({RR} 7... Bg4 8. Ba3 e5 9. Bxf8 Kxf8 10. dxe5 fxe5 11. O-O e4 12. Qd4 Bxf3 13. gxf3 Qg5+ 14. Kh1 Qh5 15. Nd2 exf3 16. Qc5+ Ne7 17. Rae1 Re8 18. Re3 g5 19. Rfe1 {1-0 (19) Lobanov,S (2532)-Weisz,B (1913) Chess.com INT 2022}) ({RR} 7... e6 8. O-O Bd6 9. Ba3 Ne7 10. Re1 O-O 11. c4 a5 12. Bxd6 Qxd6 13. Nc3 Ng6 14. Rc1 Ba6 15. Na4 e5 16. g3 e4 17. Nd2 f5 18. f4 exf3 19. Nxf3 f4 20. g4 Rae8 21. Qd2 Bc8 22. h3 {Nakamura,H (2766)-Druska,J (2508) Chess.com INT 2022 0-1 (36)}) 8. O-O h5 9. c4 g5 10. Nc3 e6 11. Re1 Bd6 12. Nd2 Ne7 13. Nf1 a5 14. Na4 Ng6 15. c5 Bc7 16. Nb6 Rb8 17. Bd2 Bxb6 18. cxb6 Qxb6 19. Rc1 Qxd4 20. Rxc6 Ne7 21. Rc7 Rb7 22. Qc2 Qb6 23. Rc1 e5 24. Rxb7 Bxb7 25. Qc7 Qa6 26. Qxa5 Qxa5 27. Bxa5 Nc6 28. Bb6 Ke6 29. a3 Ra8 30. Bc5 d4 31. Nd2 d3 32. f3 f5 33. Kf2 g4 34. Rc3 Ba6 35. a4 gxf3 36. gxf3 e4 37. fxe4 Ne5 38. exf5+ Kxf5 39. h3 Ng6 40. Be3 Rc8 41. Nc4 Bxc4 42. Rxc4 Rb8 43. b4 Ne5 44. Rf4+ Ke6 45. Re4 Kf5 46. Rd4 Rc8 47. Bd2 Rc2 48. Ke3 Ra2 49. b5 Ke6 50. a5 Rb2 51. a6 Rxb5 52. a7 1-0

[Event "Chess.com Rapid Wk12 KO"]
[Site "Chess.com INT"]
[Date "2022.05.01"]
[Round "1.4"]
[White "Grischuk, Alexander"]
[Black "Tabatabaei, Mohammad Amin"]
[Result "1-0"]
[WhiteElo "2742"]
[BlackElo "2632"]
[PlyCount "145"]
[EventDate "2022.05.01"]
[EventType "k.o. (rapid)"]
[EventRounds "3"]
[EventCountry "USA"]
[SourceTitle "CBM 208 Extra"]
[Source "ChessBase"]
[SourceDate "2022.07.31"]
[SourceVersion "1"]
[SourceVersionDate "2022.07.31"]
[SourceQuality "1"]

1. Nf3 d5 2. d3 Nc6 3. g3 e5 4. Bg2 Nf6 5. O-O Be7 6. Bg5 O-O 7. Nc3 Be6 8. e4 ({RR} 8. a3 Qd7 9. Bxf6 Bxf6 10. e4 d4 11. Ne2 Rad8 12. Nd2 Be7 13. f4 f6 14. f5 Bf7 15. g4 b5 16. h4 Na5 17. Ng3 c5 18. Nf3 c4 19. g5 cxd3 20. cxd3 Rc8 21. g6 Bb3 22. gxh7+ Kh8 {Karthik,V (2603)-Hakobyan,A (2625) New York USA 2024 1-0 (40)}) 8... dxe4 9. dxe4 Qxd1 ({RR} 9... h6 10. Bxf6 Bxf6 11. Nd5 Be7 12. c3 a5 13. Qa4 Bd6 14. Rfd1 Qb8 15. Qc2 Qa7 16. a4 Rad8 17. Nh4 Ne7 18. Nxe7+ Bxe7 19. Nf5 Bc5 20. Bf1 Qb6 21. Rxd8 Rxd8 22. Kg2 g6 23. Nh4 Bb3 24. Qe2 {Stojanovski,S (2169)-Bortnyk,O (2601) chess.com INT 2025 0-1 (32)}) 10. Rfxd1 Rad8 $146 ({RR} 10... Rfd8 11. Bxf6 Bxf6 12. Nd5 Rd7 13. Nxf6+ gxf6 14. Rxd7 Bxd7 15. Rd1 Rd8 16. Nh4 Be6 17. Rxd8+ Nxd8 18. a3 Nc6 19. Kf1 Nd4 20. c3 Nb3 21. Ke2 Na5 22. Kd2 Nc4+ 23. Kc2 Nd6 24. b3 b5 25. f3 {Gufeld,E (2435)-Evans,L (2315) Los Angeles 1995 1-0 (39)}) 11. Bxf6 Bxf6 12. Nd5 Bxd5 13. exd5 Nd4 14. Ne1 g6 15. Kf1 Bg7 16. Nd3 Rfe8 17. Nc5 Nxc2 18. Rac1 Nd4 19. Nxb7 Rd7 20. Nc5 Rd6 21. Ne4 Rd7 22. Rc4 f5 23. Nc5 Rd6 24. Nb7 Rd7 25. Rdc1 Rb8 26. Nc5 Rd6 27. Na4 Nb5 28. g4 e4 29. gxf5 gxf5 30. Rd1 Rbd8 31. Rc5 c6 32. Rdc1 Rxd5 33. Rxc6 Rd1+ 34. Rxd1 Rxd1+ 35. Ke2 Nd4+ 36. Kxd1 Nxc6 37. f3 e3 38. f4 Nd4 39. Nc3 e2+ 40. Kd2 Bf6 41. Bd5+ Kg7 42. Bc4 Nf3+ 43. Kxe2 Nxh2 44. Nb5 Bxb2 45. Nxa7 h5 46. a4 Bc3 47. Nc6 h4 48. a5 Bxa5 49. Nxa5 h3 50. Kf2 Ng4+ 51. Kg3 h2 52. Bd5 Ne3 53. Bh1 Kf6 54. Nc6 Ke6 55. Nd4+ Kd6 56. Kxh2 Kc5 57. Ne2 Kc4 58. Kg3 Kd3 59. Kf3 Nc4 60. Ng3 Nd2+ 61. Kf2 Nc4 62. Nxf5 Nb6 63. Ng3 Nd7 64. Be4+ Kd4 65. Kf3 Nf6 66. Nf5+ Kc5 67. Bb1 Kc6 68. Ne3 Kd7 69. Ng4 Ne8 70. Bd3 Ke7 71. Ne5 Nd6 72. Nc4 Kf6 73. Nxd6 1-0

[Event "RUS-chT 29th"]
[Site "Sochi"]
[Date "2022.05.08"]
[Round "6.2"]
[White "Alekseev, Evgeny V"]
[Black "Khegay, Dmitriy"]
[Result "1-0"]
[WhiteElo "2591"]
[BlackElo "2523"]
[PlyCount "143"]
[EventDate "2022.05.01"]
[EventType "team-tourn"]
[EventRounds "7"]
[EventCountry "RUS"]
[SourceTitle "CBM 208 Extra"]
[Source "ChessBase"]
[SourceDate "2022.07.31"]
[SourceVersion "1"]
[SourceVersionDate "2022.07.31"]
[SourceQuality "1"]
[WhiteTeam "Moscow KPRF"]
[BlackTeam "Moscow Gogolevsky 14"]
[WhiteTeamCountry "RUS"]
[BlackTeamCountry "RUS"]

1. Nf3 d5 2. e3 c5 3. b3 Nc6 4. Bb2 a6 5. d4 Nf6 6. dxc5 e6 7. c4 Bxc5 8. cxd5 exd5 9. Be2 O-O 10. O-O Bg4 11. Nc3 $146 ({RR} 11. h3 Be6 12. Na3 Ne4 13. Nc2 Qd7 14. Ncd4 Bd6 15. Nxe6 fxe6 16. Rc1 Rac8 17. Bd3 Nf6 18. Bb1 Qe7 19. Qe2 e5 20. Rcd1 e4 21. Nd4 Nxd4 22. Bxd4 Be5 23. b4 Bxd4 24. Rxd4 Rc3 25. Bc2 h6 {Duda,J (2733)-Goryachkina,A (2545) chess.com INT 2024 1-0 (46)}) ({RR} 11. h3 Be6 12. Na3 Ne4 13. Nc2 Qd7 14. Ncd4 Bd6 15. Nxe6 fxe6 16. Rc1 Rac8 17. Bd3 Nf6 18. Bb1 Qe7 19. Qe2 e5 20. Rcd1 e4 21. Nd4 Nxd4 22. Bxd4 Be5 23. b4 Bxd4 24. Rxd4 Rc3 25. Bc2 h6 {Duda,J (2733)-Goryachkina,A (2545) chess.com INT 2024 1-0 (46)}) 11... Ba7 12. h3 Bf5 13. Bd3 Be4 14. Nxe4 Nxe4 15. Rc1 Re8 16. Re1 Re6 17. Bb1 Qd6 18. Nd4 Bxd4 19. Bxd4 Rg6 20. Re2 Rh6 21. Bb2 Qe6 22. Bxe4 dxe4 23. Rd2 Re8 24. Rd7 Rg6 25. Qd5 Qxd5 26. Rxd5 Rge6 27. a3 f6 28. g4 Kf7 29. Kg2 Rd8 30. Rcd1 Rxd5 31. Rxd5 Re8 32. Rc5 Rd8 33. Rc2 Rd3 34. b4 g6 35. Kg3 Ke6 36. Rc4 f5 37. Rc5 Rb3 38. Rc2 Ne7 39. Kh4 h6 40. Bg7 Rxa3 41. Bxh6 Rb3 42. Bf8 Nc6 43. Kg5 Rb1 44. Rd2 fxg4 45. hxg4 Kf7 46. Bc5 b6 47. Bxb6 Rxb4 48. Bc7 Ne7 49. Bg3 a5 50. Rd7 Ke6 51. Rd6+ Kf7 52. Rf6+ Ke8 53. Ra6 Rb5+ 54. Kf6 Nd5+ 55. Kxg6 Rb6+ 56. Rxb6 Nxb6 57. g5 a4 58. Kh7 Nd7 59. g6 a3 60. g7 Nf6+ 61. Kg6 Ng8 62. Kf5 Kf7 63. Be5 Nh6+ 64. Kf4 a2 65. Ba1 Ng8 66. Kxe4 Ne7 67. f4 Nc6 68. Kd3 Nb4+ 69. Kd2 Nd5 70. f5 Nc7 71. e4 Ne8 72. f6 1-0

[Event "Titled Tuesday intern op 03rd May Late"]
[Site "Chess.com INT"]
[Date "2022.05.03"]
[Round "3"]
[White "Svane, Rasmus"]
[Black "Wieczorek, Oskar"]
[Result "1-0"]
[WhiteElo "2648"]
[BlackElo "2500"]
[PlyCount "43"]
[EventDate "2022.05.03"]
[EventType "swiss (blitz)"]
[EventRounds "11"]
[EventCountry "USA"]
[SourceTitle "CBM 208 Extra"]
[Source "ChessBase"]
[SourceDate "2022.07.31"]
[SourceVersion "1"]
[SourceVersionDate "2022.07.31"]
[SourceQuality "1"]

1. Nf3 Nf6 2. g3 a5 ({RR} 2... b6 3. d3 c5 4. e4 d6 5. Bg2 Bb7 6. O-O Nbd7 7. Nc3 e6 8. Re1 Ne5 9. d4 Nxf3+ 10. Bxf3 cxd4 11. Qxd4 Be7 12. Be3 O-O 13. a4 Nd7 14. Bg2 Ne5 15. Red1 Rc8 16. Qb4 Nc4 17. a5 {Bartel,M (2619)-Fedorchuk,S (2660) Legnica 2013 0-1 (43)}) 3. Bg2 a4 $146 ({RR} 3... g6 4. O-O Bg7 5. d3 O-O 6. e4 a4 7. a3 d6 8. Nc3 c6 9. h3 e5 10. d4 Nbd7 11. Be3 Re8 12. Qd2 Nb6 13. Qc1 Nc4 14. Bg5 Ra5 15. Rd1 exd4 16. Rxd4 Be6 17. Bf1 Ne5 18. Nxe5 {Rottenwohrer Suarez,J (2252)-Subelj,J (2484) Chess.com INT 2022 0-1 (57)}) 4. O-O e6 5. c4 Be7 6. Nc3 a3 7. b3 d5 8. d4 O-O 9. Qc2 Nc6 10. Rd1 Nb4 11. Qb1 c6 12. e4 dxe4 13. Nxe4 Nxe4 14. Qxe4 c5 15. Bf4 Qb6 16. Ng5 f5 17. dxc5 Bxc5 18. Qe2 Bd4 19. Rxd4 Qxd4 20. Be5 Qd3 21. Qh5 f4 22. Be4 1-0

[Event "Titled Tuesday intern op 03rd May Late"]
[Site "Chess.com INT"]
[Date "2022.05.03"]
[Round "9"]
[White "Jones, Gawain C B"]
[Black "Rustemov, Alexander"]
[Result "1-0"]
[WhiteElo "2666"]
[BlackElo "2525"]
[PlyCount "97"]
[EventDate "2022.05.03"]
[EventType "swiss (blitz)"]
[EventRounds "11"]
[EventCountry "USA"]
[SourceTitle "CBM 208 Extra"]
[Source "ChessBase"]
[SourceDate "2022.07.31"]
[SourceVersion "1"]
[SourceVersionDate "2022.07.31"]
[SourceQuality "1"]

1. Nf3 e6 2. b3 Nf6 3. Bb2 d5 4. e3 c5 5. Bb5+ Bd7 6. Qe2 Be7 7. Ne5 O-O ({RR} 7... a6 8. Nxd7 Nbxd7 9. Bxd7+ Nxd7 10. c4 Bf6 11. Nc3 O-O 12. O-O dxc4 13. bxc4 b5 14. Rfb1 b4 15. Nd1 e5 16. e4 Bg5 17. Ne3 Bxe3 18. fxe3 Re8 19. a3 a5 20. axb4 axb4 21. d3 Qc7 22. h3 {De Dovitiis,A (2225)-Martello,B (1968) Montevideo URU 2025 1-0 (39)}) 8. Nxd7 Nfxd7 ({RR} 8... Nbxd7 9. d4 a6 10. Bd3 b5 11. dxc5 Nxc5 12. Nd2 Rc8 13. O-O Qc7 14. Nf3 Rfd8 15. a4 bxa4 16. Be5 Qd7 17. bxa4 Ra8 18. a5 Nfe4 19. Nd2 Bd6 20. Bxd6 Nxd6 21. f4 Qc7 22. Nf3 h6 23. Ne5 {Hungaski,R (2471)-Santos Latasa,J (2631) chess.com INT 2024 0-1 (51)}) 9. O-O $146 ({RR} 9. Qf3 Nb6 10. O-O c4 11. Nc3 Bb4 12. Rfd1 Bxc3 13. Bxc3 {0-1 (13) Mariucci,F-Ferraris,F Bratto 2006}) 9... Bf6 10. d4 cxd4 11. exd4 a6 12. Bd3 Nc6 13. c3 b5 14. a3 Na5 15. Nd2 Qb6 16. f4 g6 17. Kh1 Rfe8 18. Bc2 Bg7 19. Nf3 f5 20. Rad1 Nf6 21. Rd3 Ne4 22. Re3 Nc6 23. Ng5 a5 24. Nxe4 dxe4 25. Rd1 Red8 26. b4 axb4 27. axb4 Ne7 28. Rf1 Nd5 29. Rh3 Rdc8 30. Bb3 Rc6 31. g4 Rd8 32. gxf5 exf5 33. Ra1 Kh8 34. Qf2 Qc7 35. Bxd5 Rxd5 36. Ra8+ Rd8 37. Rxh7+ Kxh7 38. Qh4+ Bh6 39. Rxd8 g5 40. fxg5 e3 41. Re8 Qd7 42. Re7+ Qxe7 43. g6+ Kxg6 44. Qxe7 f4 45. Qe8+ Kf5 46. Qxc6 e2 47. Qxb5+ Kg4 48. Qxe2+ f3 49. Qe6+ 1-0